[Event "Madrid Magistral 7th"]
[Site "Madrid"]
[Date "1998.05.22"]
[Round "9"]
[White "Granda Zuniga, Julio E"]
[Black "Krasenkow, Michal"]
[Result "1/2-1/2"]
[WhiteElo "2630"]
[BlackElo "2660"]

1.d4 Nf6 2.Nf3 g6 3.g3 d5 4.Bg2 Bg7 5.O-O O-O 6.c4 c6 7.cxd5 cxd5 8.Nc3 Ne4
9.Nxe4 dxe4 10.Ne5 Qd5 11.Be3 Nd7 12.Nd3 Nf6 13.Qa4 Ng4 14.Nf4 Qd6 15.Bd2 Qxd4
16.Qxd4 Bxd4 17.Bxe4 Bxb2 18.Rab1 Ba3 19.Rb3 Bd6 20.Bxb7 Bxb7 21.Rxb7 Rfb8
22.Rfb1 Rxb7 23.Rxb7 Rc8 24.h3 Rc2 25.Bb4 Bxb4 26.Rxb4 Ne5 27.Ra4 Nc6 28.Ra6 Kf8
29.a3 Ke8 30.e3 Kd7 31.Nd5 Rc1+ 32.Kg2 Ra1 33.g4 h6 34.h4 Rb1 35.Nb4 Rc1
36.Nxc6 Rxc6 37.Rxa7+ Ke6 38.a4 Rc4 39.Ra6+ Ke5 40.Kg3 h5 41.f3 hxg4 42.Ra5+ Kf6
43.fxg4 Kg7 44.Ra6 f5 45.gxf5 gxf5 46.h5 Kh7 47.a5 Ra4 48.Kf3 Kg7 49.Ke2 Ra3
50.Kf2 e5 51.Rg6+ Kh7 52.a6 f4 53.e4 Re3 54.Rg1 Ra3 55.Rg6 Re3 56.a7 Ra3
57.Re6 Rxa7 58.Kf3 Ra3+ 59.Kg4 Rg3+ 60.Kf5 f3 61.Rf6 Kg7 62.h6+ Kh7 63.Kxe5 Rh3
64.Kd5 Rxh6 65.Rxf3 Kg7 66.e5 Ra6  1/2-1/2

[Event "New York op"]
[Site "New York"]
[Date "1998.??.??"]
[Round "6"]
[White "Granda Zuniga, Julio E"]
[Black "Lein, Anatoly"]
[Result "1-0"]
[WhiteElo "2630"]
[BlackElo "2465"]

1.d4 Nf6 2.c4 g6 3.Nc3 d5 4.cxd5 Nxd5 5.e4 Nxc3 6.bxc3 Bg7 7.Bb5+ c6 8.Ba4 O-O
9.Ne2 c5 10.O-O cxd4 11.cxd4 Nc6 12.Be3 Na5 13.Rc1 Bd7 14.d5 b5 15.Bb3 Nxb3
16.Qxb3 Qb8 17.Nd4 Qb7 18.Nc6 e6 19.Rc5 exd5 20.exd5 a6 21.Ne7+ Kh8 22.Qb4 a5
23.Qf4 b4 24.Rc7 Qb5 25.Bd4 Bxd4 26.Qxd4+ f6 27.Re1 Rf7 28.h4 Kg7 29.h5 gxh5
30.Re6 Re8 31.Nf5+ Kg6 32.Nd6  1-0

[Event "New York op"]
[Site "New York"]
[Date "1998.??.??"]
[Round "9"]
[White "Movsesian, Sergei"]
[Black "Granda Zuniga, Julio E"]
[Result "1/2-1/2"]
[WhiteElo "2595"]
[BlackElo "2630"]

1.e4 c5 2.Nf3 Nc6 3.d4 cxd4 4.Nxd4 Nf6 5.Nc3 d6 6.g3 Bg4 7.f3 Bd7 8.Be3 e5
9.Nb3 Be7 10.Qd2 O-O 11.O-O-O a5 12.Bb5 Nb4 13.Bxd7 Nxd7 14.a3 a4 15.axb4 axb3
16.cxb3 f5 17.Kb1 fxe4 18.fxe4 Qe8 19.Rhf1 Rb8 20.Qd3 Nf6 21.Bg5 Ng4 22.Bxe7 Qxe7
23.Nd5 Qg5 24.Nc7 Rxf1 25.Rxf1 Kh8 26.Nb5 h6 27.Nxd6 Kh7 28.h3 Ne3 29.Rf3 Rd8
30.Qxe3 Qxe3 31.Rxe3 Rxd6 32.Kc2 Rd4 33.b5 h5 34.h4 g5 35.hxg5 Kg6 36.Rc3 Kxg5
37.Rc7 Kg4 38.Rxb7 Kxg3 39.Rg7+ Kf4 40.Kc3 h4 41.Rh7 Kg3 42.b6 Rd6 43.b7 Rb6
44.Kc4 h3 45.Kc5 Rxb3 46.Kc6 Rxb2 47.Kc7 Rc2+ 48.Kd8 Rb2 49.Kc8 Rc2+ 50.Kd8 Rb2
51.Kc7 Rc2+ 52.Kd8 Rb2 53.Kc8 Rc2+ 54.Kd8 Rb2 55.Kc8 Rc2+  1/2-1/2

[Event "JUG Cup"]
[Site "Ulcinj"]
[Date "1998.??.??"]
[Round "4"]
[White "Khalifman, Alexander"]
[Black "Granda Zuniga, Julio E"]
[Result "1/2-1/2"]
[WhiteElo "2660"]
[BlackElo "2630"]

1.d4 Nf6 2.c4 e6 3.Nf3 b6 4.Nc3 Bb4 5.Qb3 a5 6.Bg5 Bb7 7.e3 d6 8.Bd3 h6 9.Bh4 Nbd7
10.O-O-O Bxc3 11.Qxc3 g5 12.Bg3 Ne4 13.Qc2 Ndf6 14.Rhe1 Qe7 15.d5 Nc5 16.e4 Nxd3+
17.Qxd3 e5 18.Nd4 Nh5 19.Nf5 Qf6 20.Qe2 Ng7 21.Nd4 O-O 22.Nb5 Rac8 23.f3 Qg6
24.Bf2  1/2-1/2

[Event "JUG Cup"]
[Site "Ulcinj"]
[Date "1998.??.??"]
[Round "7"]
[White "Granda Zuniga, Julio E"]
[Black "Ivanovic, Bozidar"]
[Result "1-0"]
[WhiteElo "2630"]
[BlackElo "2515"]

1.Nf3 Nf6 2.c4 g6 3.Nc3 Bg7 4.e4 O-O 5.d4 c5 6.Be2 d6 7.O-O Nc6 8.d5 Na5
9.a3 b6 10.b4 Nb7 11.Rb1 Bg4 12.Be3 Nd7 13.Na4 Rc8 14.Qb3 e6 15.Nc3 exd5
16.Nxd5 Qe8 17.Qa4 cxb4 18.axb4 a5 19.h3 Bxf3 20.Bxf3 axb4 21.Rxb4 Nbc5 22.Qc2 Qd8
23.Rd1 Rb8 24.g3 Re8 25.Bg2 Nf6 26.Bg5 Nxd5 27.Rxd5 Qc7 28.h4 h5 29.Rb1 Ne6
30.Be3 Rec8 31.Bf1 Nc5 32.Rbd1 Rd8 33.Bg5 Re8 34.Rxd6 Nxe4 35.Rd7 Qc5 36.Be3 Qf5
37.Qd3 Qe6 38.Qd5 Qxd5 39.cxd5 Nc3 40.Rd3 Rbd8 41.Rxd8 Rxd8 42.Bg2 b5 43.Bb6 Rd7
44.d6 b4 45.Ba5 Ne2+ 46.Kf1 Nc1 47.Rd1 b3 48.Rxc1 b2 49.Rc8+ Kh7 50.Be4 Rxd6
51.Rb8 Rd4 52.Bc2 Rc4 53.Bd3 Ra4 54.Bd2 Ra7 55.Ke2 Be5 56.Rb3 Re7 57.Be3 Rd7
58.Bc5 Rd5 59.Ba3 Ra5 60.Bb1  1-0

[Event "ch-PER"]
[Site "Lima PER"]
[Date "2002.10.01"]
[Round "1"]
[White "Granda Zuniga,J"]
[Black "Cotrina Moscoso,W"]
[Result "1-0"]
[WhiteElo "2605"]
[BlackElo "2225"]

1.Nf3 Nf6 2.c4 e6 3.g3 b6 4.Bg2 Bb7 5.d4 c5 6.d5 exd5 7.Nh4 g6 8.Nc3 Be7
9.cxd5 d6 10.O-O Nfd7 11.Bh6 Na6 12.Nf3 Nc7 13.e4 g5 14.e5 Nxe5 15.Nxe5 dxe5
16.Bg7 Rg8 17.Bxe5 Bf6 18.f4 Kf8 19.Qh5 Ne8 20.Rae1 Rg7 21.fxg5 Rxg5 22.Qh6+ Bg7
23.Rxf7+ Kxf7 24.Qe6+ Kf8 25.Rf1+ Bf6 26.Bxf6 Nxf6 27.Rxf6+ Kg7 28.Rf7+ Kh8
29.Rxb7 Qg8 30.Ne4  1-0

[Event "ch-PER"]
[Site "Lima PER"]
[Date "2002.10.04"]
[Round "5"]
[White "Granda Zuniga,J"]
[Black "Nina,M"]
[Result "1-0"]
[WhiteElo "2605"]
[BlackElo "2238"]

1.e4 e5 2.Nf3 Nc6 3.d4 exd4 4.Nxd4 Bc5 5.Nxc6 Qf6 6.Qd2 dxc6 7.Bd3 Be6 8.O-O h5
9.Nc3 a6 10.Qe1 Nh6 11.e5 Qh4 12.Ne4 Be7 13.f3 Qxe1 14.Rxe1 O-O-O 15.Bg5 Rd7
16.Kf2 Bxg5 17.Nxg5 Bf5 18.Bxf5 Nxf5 19.Rad1 Re7 20.g3 Rhe8 21.f4 c5 22.c3 b6
23.h3 Nh6 24.Nf3 Kb7 25.Rd2 b5 26.Nh4 g6 27.Red1 Kc8 28.b3 Re6 29.Rd5 Rc6
30.Nf3 Nf5 31.g4 hxg4 32.hxg4 Ne7 33.R5d2 f6 34.Re1 f5 35.Kg3 Rh8 36.Ng5 c4
37.b4 a5 38.bxa5 Ra6 39.Nf7 Rf8 40.e6 fxg4 41.Kxg4 Rxa5 42.Re5 Ra3 43.Rxb5 Nf5
44.Rdb2 Ra8 45.Kg5 Ne7 46.Kf6 Re8 47.Ne5 Ng8+ 48.Kf7 Re7+ 49.Kxg8 Rxe6 50.Kf7 Rea6
51.Nxg6 Ra3 52.Ne7+  1-0

[Event "ch-PER"]
[Site "Lima PER"]
[Date "2002.10.04"]
[Round "6"]
[White "Esplana,C"]
[Black "Granda Zuniga,J"]
[Result "0-1"]
[WhiteElo "2335"]
[BlackElo "2605"]

1.e4 c5 2.Nf3 Nc6 3.d4 cxd4 4.Nxd4 Qb6 5.Nb3 Nf6 6.Nc3 e6 7.Bd3 Be7 8.O-O d6
9.Kh1 O-O 10.f4 a5 11.Nd2 d5 12.e5 Nd7 13.Nf3 f5 14.exf6 Nxf6 15.Qe2 Bd7
16.a3 Bd6 17.Ne5 Nxe5 18.fxe5 Bxe5 19.Bg5 Bxc3 20.bxc3 Ne4 21.Bxe4 dxe4 22.Be3 Qc7
23.Rxf8+ Rxf8 24.c4 Rf5 25.Kg1 h6 26.Rd1 Kh7 27.Qd2 Ba4 28.Qe2 b5 29.cxb5 Bxb5
30.c4 Bxc4 31.Qc2 Qd6 32.g4 Rd5 33.Qxe4+ Kg8 34.Rxd5 Bxd5 35.Qd3 Qc7 36.Bd2 Qb6+
37.Qe3 Qb1+ 38.Kf2 Qh1 39.Qf4 a4 40.Bc3 Be4 41.Ke3 Bc6 42.Kf2 Qd1 43.Qd4 Qf3+
44.Ke1 Qh1+ 45.Kd2 Qxh2+ 46.Kc1 Qc7 47.Qe5 Qxe5 48.Bxe5 g5  0-1

[Event "ch-PER"]
[Site "Lima PER"]
[Date "2002.10.07"]
[Round "9"]
[White "Robbiano Taboada,C"]
[Black "Granda Zuniga,J"]
[Result "0-1"]
[WhiteElo "2252"]
[BlackElo "2605"]

1.e4 c5 2.Nc3 Nc6 3.g3 d6 4.Bg2 e5 5.d3 g6 6.h4 Nf6 7.Bg5 h6 8.Bxf6 Qxf6
9.Nd5 Qd8 10.Nh3 Bg7 11.O-O g5 12.Kh2 gxh4 13.Qh5 Be6 14.gxh4 Qd7 15.Ne3 O-O-O
16.Rg1 Rdg8 17.c3 Bf6 18.Bf1 Ne7 19.Rxg8+ Rxg8 20.Ng1 Ng6 21.Nf3 Nf4 22.Qxh6 Qd8  0-1

[Event "ch-PER"]
[Site "Lima PER"]
[Date "2002.10.09"]
[Round "12"]
[White "Granda Zuniga,J"]
[Black "Soto,Jo"]
[Result "1-0"]
[WhiteElo "2605"]
[BlackElo "2412"]

1.d4 f5 2.b3 Nf6 3.Nf3 g6 4.Bb2 Bg7 5.g3 O-O 6.Bg2 d6 7.O-O c6 8.Qd3 Na6
9.a3 Ne4 10.b4 Nc7 11.c4 a5 12.b5 a4 13.Nc3 Nxc3 14.Bxc3 Bd7 15.b6 Ne6 16.Rab1 Qe8
17.Qc2 h6 18.e4 fxe4 19.Qxe4 Qf7 20.Qe3 Rae8 21.Rfe1 Nd8 22.Nd2 Kh7 23.f4 e5
24.dxe5 dxe5 25.Bxe5 Bxe5 26.fxe5 Bf5 27.Rbc1 Qe7 28.c5 Ne6 29.Nc4 Qxc5 30.Nd6 Qxe3+
31.Rxe3 Re7 32.Rc4 Ra8 33.g4 Bb1 34.Rb4 Bc2 35.Nxb7 Rxb7 36.Bxc6 Rab8 37.Bxb7 Rxb7
38.Rc3 Bb3 39.Rc8 Kg7 40.Ra8 Kf7 41.Ra7 Nc5 42.Rb5 Ke6 43.Rxc5 Rxb6 44.Rg7  1-0

[Event "ch-PER"]
[Site "Lima PER"]
[Date "2002.10.10"]
[Round "13"]
[White "Vera,K"]
[Black "Granda Zuniga,J"]
[Result "0-1"]
[WhiteElo "2233"]
[BlackElo "2605"]

1.Nf3 Nf6 2.g3 b6 3.Bg2 Bb7 4.O-O c5 5.c4 e6 6.Nc3 Be7 7.b3 O-O 8.Bb2 d5
9.d3 d4 10.Nb1 Qc7 11.e4 Nbd7 12.Na3 Ne8 13.Qe2 e5 14.Bc1 Nd6 15.Bg5 f6 16.Bd2 a6
17.Nc2 Rae8 18.Nh4 g6 19.Bh6 Rf7 20.Bh3 f5 21.exf5 Bxh4 22.gxh4 Nxf5 23.Bg5 h6
24.Bxf5 gxf5 25.Bxh6 Qc6  0-1

[Event "Olympiad"]
[Site "Bled SLO"]
[Date "2002.10.28"]
[Round "3"]
[White "Vallejo Pons,F"]
[Black "Granda Zuniga,J"]
[Result "1-0"]
[WhiteElo "2635"]
[BlackElo "2605"]

1.d4 Nf6 2.Nf3 e6 3.c4 b6 4.g3 Bb7 5.Bg2 c5 6.d5 exd5 7.Nh4 g6 8.O-O Bg7
9.Nc3 O-O 10.Bg5 Re8 11.Rc1 a6 12.b3 Ra7 13.Nxd5 Bxd5 14.Bxd5 h6 15.Bxf6 Qxf6
16.Qd2 Nc6 17.Rcd1 b5 18.e3 bxc4 19.bxc4 Rb7 20.Rb1 Reb8 21.Rxb7 Rxb7 22.Be4 Qe6
23.Bd5 Qf6 24.Be4 Qe6 25.Bd5 Qf6 26.Be4 Bf8 27.a3 Kg7 28.Ng2 Qb2 29.Rd1 Qxd2
30.Rxd2 f5 31.Bf3 Rb1+ 32.Rd1 Rxd1+ 33.Bxd1 Na5 34.Be2 g5 35.Kf1 Kf7 36.Ke1 Bg7
37.Kd2 Bb2 38.a4 Nc6 39.f4 Kf6 40.Ne1 gxf4 41.gxf4 d6 42.Bf3 Nb4 43.Bb7 a5
44.Nf3 Ba1 45.Nh4 d5 46.Bxd5 Na2 47.Kc2 Nc3 48.Bc6 Ne4 49.Bd7 Nd6 50.Kb3 h5
51.h3 Ne4 52.Bxf5 Nd2+ 53.Ka2 Bc3 54.Bd3 Kf7 55.Bg6+ Kf6 56.Bxh5  1-0

[Event "Olympiad"]
[Site "Bled SLO"]
[Date "2002.10.30"]
[Round "5"]
[White "Granda Zuniga,J"]
[Black "Matthews,S"]
[Result "1-0"]
[WhiteElo "2605"]
[BlackElo "2239"]

1.e4 c5 2.Nc3 Nc6 3.g3 Rb8 4.Bg2 b5 5.f4 g6 6.Nf3 Bg7 7.O-O e6 8.d3 b4 9.Ne2 Nge7
10.Qe1 d5 11.g4 h5 12.gxh5 Rxh5 13.Ng3 Rh8 14.Qf2 Nd4 15.Ng5 Qa5 16.Be3 dxe4
17.dxe4 Ba6 18.Rfe1 Kf8 19.Rec1 Rc8 20.c3 bxc3 21.bxc3 Nb5 22.e5 c4 23.Bc5 Qc7
24.N3e4  1-0

[Event "Olympiad"]
[Site "Bled SLO"]
[Date "2002.11.01"]
[Round "7"]
[White "Rowson,J"]
[Black "Granda Zuniga,J"]
[Result "0-1"]
[WhiteElo "2547"]
[BlackElo "2605"]

1.e4 e5 2.Nf3 Nc6 3.Bb5 Nf6 4.O-O Nxe4 5.d4 Nd6 6.Bxc6 dxc6 7.dxe5 Nf5 8.Qxd8+ Kxd8
9.Nc3 h6 10.h3 Ne7 11.Re1 Ng6 12.Bd2 Be7 13.Rad1 Bd7 14.Ne4 Kc8 15.Ng3 c5
16.Bc3 Rg8 17.Nh5 Bc6 18.e6 f6 19.Nd2 b5 20.Nb3 b4 21.Bd2 a5 22.Nc1 Nh4 23.f3 Nf5
24.Ne2 Kb7 25.Nhg3 Nd6 26.b3 a4 27.Be3 Ra5 28.Rd2 c4 29.Nd4 Be8 30.Bf4 Bg6
31.Kf2 axb3 32.axb3 c3 33.Rdd1 Rd8 34.Bxd6 Rxd6 35.Ne4 Rd8 36.Ke3 Rad5 37.Rd3 f5  0-1

[Event "Olympiad"]
[Site "Bled SLO"]
[Date "2002.11.02"]
[Round "8"]
[White "Granda Zuniga,J"]
[Black "Nur,N"]
[Result "1-0"]
[WhiteElo "2605"]
[BlackElo "2138"]

1.e4 e5 2.Nf3 Nc6 3.Bb5 Nge7 4.c3 a6 5.Ba4 g6 6.d4 Bg7 7.d5 Na5 8.Bc2 d6
9.Nbd2 b5 10.b3 c6 11.c4 Qc7 12.O-O O-O 13.Ba3 bxc4 14.bxc4 c5 15.Bb2 f5
16.Bc3 Nb7 17.Rb1 f4 18.Ba4 h6 19.Qb3 g5 20.Qb6 Qb8 21.Nb3 Ng6 22.Na5 Nxa5
23.Qxb8 Rxb8 24.Rxb8 Nxc4 25.Rfb1 g4 26.Nd2 Nxd2 27.Bxd2 Bf6 28.Ba5 h5 29.Bc7  1-0

[Event "Olympiad"]
[Site "Bled SLO"]
[Date "2002.11.04"]
[Round "9"]
[White "Georgiev,Ki"]
[Black "Granda Zuniga,J"]
[Result "1-0"]
[WhiteElo "2658"]
[BlackElo "2605"]

1.d4 Nf6 2.c4 e6 3.Nf3 b6 4.g3 Bb7 5.Bg2 c5 6.d5 exd5 7.Nh4 g6 8.Nc3 Bg7
9.O-O O-O 10.Bg5 Re8 11.Qd2 a6 12.Nxd5 Bxd5 13.Bxd5 Nc6 14.Rad1 Rc8 15.b3 b5
16.e3 Qb6 17.Bxf6 Bxf6 18.Ng2 Nb4 19.Nf4 Qa5 20.Bb7 Rb8 21.Nd5 Bg7 22.Nxb4 Rxb7
23.Nd3 Qa3 24.Rc1 d6 25.Rc2 a5 26.cxb5 a4 27.Qa5 c4 28.Rxc4 Qxa2 29.Qxa4 Qe2
30.Qa6 Rbb8 31.Nb4 Qb2 32.Nc6 Ra8 33.Re4 Be5 34.Qb7 Qxb3 35.b6 Kg7 36.Rb4 Qc3
37.Rbb1  1-0

[Event "Olympiad"]
[Site "Bled SLO"]
[Date "2002.11.08"]
[Round "13"]
[White "Volkmann,F"]
[Black "Granda Zuniga,J"]
[Result "0-1"]
[WhiteElo "2435"]
[BlackElo "2605"]

1.e4 c5 2.Nf3 Nc6 3.Bb5 g6 4.Bxc6 bxc6 5.O-O Bg7 6.Re1 Nh6 7.c3 O-O 8.d4 Qb6
9.d5 d6 10.Na3 Bb7 11.Nc4 Qa6 12.Ne3 Rae8 13.Ng5 cxd5 14.Nxd5 Qc6 15.Qf3 Qc8
16.Qd3 f6 17.Nf3 c4 18.Qd4 f5 19.Qxa7 fxe4 20.Nb6 Qc6 21.Nd4 Bxd4 22.cxd4 Ng4
23.Be3 d5 24.a4 e5 25.Rad1 Nxe3 26.fxe3 exd4 27.Rxd4 Ra8 28.Nxd5 Qxd5 29.Rxd5 Rxa7
30.Rd7 Rf7 31.Red1 Bc6 32.Rd8+ Kg7  0-1

[Event "Aeroflot Open"]
[Site "Moscow RUS"]
[Date "2003.02.11"]
[Round "1"]
[White "Guliev,S"]
[Black "Granda Zuniga,J"]
[Result "0-1"]
[WhiteElo "2513"]
[BlackElo "2623"]

1.d4 Nf6 2.c4 e6 3.Nc3 c5 4.Nf3 cxd4 5.Nxd4 a6 6.g3 Qc7 7.Bg2 Qxc4 8.O-O Qc7
9.Bf4 e5 10.Bg5 exd4 11.Bxf6 dxc3  0-1

[Event "Capablanca Mem Elite"]
[Site "Havana CUB"]
[Date "2003.05.07"]
[Round "2"]
[White "Dominguez,L"]
[Black "Granda Zuniga,J"]
[Result "1/2-1/2"]
[WhiteElo "2603"]
[BlackElo "2628"]

1.e4 c6 2.d4 d5 3.Nd2 dxe4 4.Nxe4 Nd7 5.Ng5 e6 6.Bd3 Ngf6 7.N1f3 Bd6 8.Qe2 h6
9.Ne4 Nxe4 10.Qxe4 Nf6 11.Qe2 b6 12.Bd2 Bb7 13.O-O-O Qc7 14.Ne5 O-O-O 15.f4 Nd5
16.g3 Rhe8 17.Rhe1 Kb8 18.a3 c5 19.dxc5 Bxc5 20.Kb1 f6 21.Ng6 Bc6 22.Qg4 Qb7
23.Rxe6 Ne3 24.Bxe3 Bf3 25.Rxe8 Rxe8 26.Qf5 Bxd1 27.Bxc5 bxc5 28.Qxc5 Bf3
29.b3 Be4 30.Bxe4 Qxe4 31.Ne5 Rc8 32.Qd6+ Ka8 33.Nc4 Qc6 34.Qe7 Qc7 35.Qe6 Rd8
36.Qe4+ Kb8 37.Qf5 Qc6 38.Qa5 Rd7 39.Qb4+ Kc7 40.Qa5+ Kc8 41.Qb4 Kc7 42.Qa5+ Kc8
43.Qb4 Kd8 44.Qb8+ Qc8 45.Qb4 Qc6 46.Qb8+ Qc8 47.Qb4 Re7 48.Qa5+ Qc7 49.Qd5+ Qd7
50.Qa8+ Qc8 51.Qd5+ Qd7 52.Nd6 Kc7 53.Qc5+ Kb8 54.Qb4+ Ka8 55.Qc5 Re1+ 56.Kb2 Rd1
57.Nb5 a6 58.Nc3 Rd6 59.a4 Rc6 60.Qe3 Kb7 61.Qe4 Qe6 62.Qb4+ Rb6 63.Qd4 Rd6
64.Qb4+ Rb6 65.Qd4 Rd6 66.Qb4+ Rb6 67.Qf8 Qd7 68.Qc5  1/2-1/2

[Event "Capablanca Mem Elite"]
[Site "Havana CUB"]
[Date "2003.05.08"]
[Round "3"]
[White "Granda Zuniga,J"]
[Black "Nogueiras,J"]
[Result "1-0"]
[WhiteElo "2628"]
[BlackElo "2532"]

1.e4 e6 2.d3 d5 3.Qe2 Nf6 4.g3 Be7 5.Bg2 b5 6.e5 Nfd7 7.f4 c5 8.Nd2 Nc6 9.Ndf3 Qb6
10.Nh3 c4 11.Be3 Bc5 12.Bxc5 Qxc5 13.Nf2 Ba6 14.Qd2 b4 15.d4 c3 16.dxc5 cxd2+
17.Kxd2 Nxc5 18.b3 O-O 19.a3 Bb7 20.axb4 Nxb4 21.Nd4 Ne4+ 22.Bxe4 dxe4 23.Rhe1 Rfd8
24.c3 Nc6 25.Rxe4 Rac8 26.Ra4 Rd7 27.Re3 a5 28.Nd3 Ne7 29.Re1 Nd5 30.Rc1  1-0

[Event "Capablanca Mem Elite"]
[Site "Havana CUB"]
[Date "2003.05.09"]
[Round "4"]
[White "Leitao,R"]
[Black "Granda Zuniga,J"]
[Result "0-1"]
[WhiteElo "2533"]
[BlackElo "2628"]

1.e4 e5 2.Nf3 Nc6 3.Bb5 Nf6 4.O-O Nxe4 5.d4 Nd6 6.Bxc6 dxc6 7.dxe5 Nf5 8.Qxd8+ Kxd8
9.Nc3 h6 10.h3 Ne7 11.b3 Bf5 12.Rd1+ Kc8 13.Rd2 b6 14.Bb2 Kb7 15.Ne2 a5 16.Ng3 Be6
17.Nd4 Bc8 18.a4 Ng6 19.Re1 Nf4 20.Re4 Ne6 21.Nh5 g5 22.Re3 Bb4 23.Rdd3 Nxd4
24.Rxd4 Bc5 25.e6 Bxe6 26.Rdd3 Bxe3 27.Bxh8 Bxf2+ 28.Kxf2 Rxh8 29.Ng7 Bd5
30.Re3 Rg8 31.Nf5 Rg6 32.g4 Rf6 33.Kg3 h5  0-1

[Event "Capablanca Mem Elite"]
[Site "Havana CUB"]
[Date "2003.05.10"]
[Round "5"]
[White "Granda Zuniga,J"]
[Black "Arencibia,W"]
[Result "1/2-1/2"]
[WhiteElo "2628"]
[BlackElo "2520"]

1.d4 Nf6 2.c4 e6 3.Nc3 Bb4 4.e3 c5 5.Bd3 Nc6 6.Nf3 d5 7.O-O O-O 8.a3 dxc4
9.axb4 cxd3 10.bxc5 Re8 11.Qxd3 e5 12.Qc4 Be6 13.Qa4 exd4 14.Nxd4 Nxd4 15.Qxd4 Qxd4
16.exd4 Bc4 17.Rd1 Bb3  1/2-1/2

[Event "Capablanca Mem Elite"]
[Site "Havana CUB"]
[Date "2003.05.11"]
[Round "6"]
[White "Ikonnikov,V"]
[Black "Granda Zuniga,J"]
[Result "0-1"]
[WhiteElo "2546"]
[BlackElo "2628"]

1.d4 d5 2.Nf3 Nf6 3.c4 c6 4.Qb3 dxc4 5.Qxc4 Bf5 6.g3 e6 7.Bg2 Be7 8.O-O O-O
9.Nc3 Nbd7 10.Re1 Ne4 11.Bf4 Nxc3 12.bxc3 Be4 13.Qb3 c5 14.Nd2 Bxg2 15.Kxg2 b6
16.e4 Nf6 17.Nf3 Qc8 18.Rad1 Rd8 19.d5 c4 20.Qa4 exd5 21.exd5 Bf8 22.Bg5 Rxd5
23.Bxf6 Ra5 24.Qc2 gxf6 25.Rd4 f5 26.Red1 Qc6 27.Rf4 Bg7 28.Rxf5 Rxf5 29.Qxf5 Bxc3
30.Kg1 Bg7 31.Ng5 Qg6 32.Qf3 Re8 33.h4 c3 34.Rc1 c2 35.Qd5 h6 36.Nf3 Rc8
37.h5 Qg4 38.Ne1 Qe2 39.Kg2 Bb2 40.Qd7 Rc5 41.Qd8+ Kg7 42.Nf3 Rf5  0-1

[Event "Capablanca Mem Elite"]
[Site "Havana CUB"]
[Date "2003.05.13"]
[Round "7"]
[White "Granda Zuniga,J"]
[Black "Andersson,U"]
[Result "1/2-1/2"]
[WhiteElo "2628"]
[BlackElo "2594"]

1.d4 Nf6 2.c4 e6 3.Nc3 Bb4 4.e3 c5 5.Bd3 d5 6.Nf3 dxc4 7.Bxc4 O-O 8.O-O cxd4
9.exd4 b6 10.Bg5 Bb7 11.Rc1 Be7 12.Re1 Nc6 13.a3 Rc8 14.Ba2 Nd5 15.Bd2 Nxc3
16.Bxc3 Bf6 17.d5 exd5 18.Bxd5 h6 19.h3 Bxc3  1/2-1/2

[Event "Capablanca Mem Elite"]
[Site "Havana CUB"]
[Date "2003.05.14"]
[Round "8"]
[White "Granda Zuniga,J"]
[Black "Morovic Fernandez,I"]
[Result "1/2-1/2"]
[WhiteElo "2628"]
[BlackElo "2551"]

1.Nf3 d5 2.b3 Bg4 3.Bb2 Bxf3 4.exf3 e6 5.g3 Nf6 6.Bg2 Be7 7.O-O O-O 8.f4 c5
9.d3 Nc6 10.Nd2 Rc8 11.Nf3 Nd7 12.Re1 Bf6 13.Ne5 Ndxe5 14.fxe5 Be7 15.c4 dxc4
16.bxc4 Qd7 17.Rb1 b6 18.Qe2 Nd4  1/2-1/2

[Event "Capablanca Mem Elite"]
[Site "Havana CUB"]
[Date "2003.05.15"]
[Round "9"]
[White "Bruzon,L"]
[Black "Granda Zuniga,J"]
[Result "1-0"]
[WhiteElo "2610"]
[BlackElo "2628"]

1.e4 c6 2.d4 d5 3.Nd2 dxe4 4.Nxe4 Nd7 5.Bc4 Ngf6 6.Ng5 e6 7.Qe2 Nb6 8.Bd3 h6
9.N5f3 c5 10.Be3 Nbd5 11.Ne5 a6 12.Ngf3 cxd4 13.Bxd4 Qa5+ 14.c3 Nf4 15.Qd2 Nxd3+
16.Qxd3 Qd5 17.O-O-O b5 18.Rhe1 Bd6 19.c4 bxc4 20.Nxc4 Bb7 21.Nb6 Qxa2 22.Bxf6 O-O
23.Qxd6 gxf6 24.Re3 Rac8+ 25.Nxc8 Rxc8+ 26.Kd2  1-0

[Event "Capablanca Mem Elite"]
[Site "Havana CUB"]
[Date "2003.05.17"]
[Round "10"]
[White "Granda Zuniga,J"]
[Black "Vera,R"]
[Result "1-0"]
[WhiteElo "2628"]
[BlackElo "2546"]

1.Nf3 d5 2.c4 e6 3.g3 c6 4.b3 a5 5.a3 a4 6.cxd5 exd5 7.b4 Nd7 8.Nc3 Nb6 9.d3 Be7
10.Bg2 Bf6 11.Bb2 Ne7 12.O-O O-O 13.Qc2 Be6 14.Rad1 Qc8 15.Rfe1 Rd8 16.d4 Bf5
17.e4 dxe4 18.Nxe4 Ned5 19.Ne5 Be7 20.h4 Nf6 21.Nd3 Nxe4 22.Bxe4 Re8 23.Bxf5 Qxf5
24.Re5 Qd7 25.Nc5 Qc7 26.Rde1 Nd5 27.Nxa4 Red8 28.Nc3 Bd6 29.Nxd5 cxd5 30.Qxc7 Bxc7
31.Re7 Rac8 32.Rc1 Bd6 33.Rxb7  1-0

[Event "US Open"]
[Site "Los Angeles USA"]
[Date "2003.08.06"]
[Round "4"]
[White "Granda Zuniga,J"]
[Black "Wang,Ph"]
[Result "1-0"]
[WhiteElo "2641"]
[BlackElo "2294"]

1.d4 f5 2.g3 Nf6 3.Bg2 g6 4.Nf3 Bg7 5.O-O O-O 6.b4 d6 7.Bb2 c6 8.c4 Qe8 9.Qb3 h6
10.Nbd2 g5 11.d5 Na6 12.dxc6 bxc6 13.Nd4 Bd7 14.b5 Nc5 15.Qc2 Nfe4 16.bxc6 Bxc6
17.Nxc6 Qxc6 18.Bxg7 Kxg7 19.g4 e6 20.Nb3 Rae8 21.Rad1 Qa6 22.Nd4 Qa4 23.Qb2 Kg6
24.f3 Rb8 25.Qc1 Nf6 26.gxf5+ exf5 27.Bh3 Ne8 28.Bxf5+ Rxf5 29.Nxf5 Kxf5
30.f4 g4 31.Rd5+ Kg6 32.f5+ Kg7 33.f6+ Nxf6 34.Rxf6 Kxf6 35.Qxh6+ Kf7 36.Qh7+ Ke8
37.Qg6+  1-0

[Event "US Open"]
[Site "Los Angeles USA"]
[Date "2003.08.10"]
[Round "6"]
[White "Granda Zuniga,J"]
[Black "Ibragimov,I"]
[Result "1-0"]
[WhiteElo "2641"]
[BlackElo "2587"]

1.e4 e5 2.Nf3 Nc6 3.Bb5 a6 4.Ba4 Nf6 5.O-O Be7 6.Re1 b5 7.Bb3 d6 8.c3 O-O
9.d4 Bg4 10.Be3 exd4 11.cxd4 Na5 12.Bc2 Nc4 13.Bc1 c5 14.b3 Nb6 15.Nbd2 Nfd7
16.h3 Bh5 17.Bb2 Re8 18.a4 Rc8 19.dxc5 dxc5 20.e5 bxa4 21.bxa4 c4 22.Bd4 Bc5
23.Re4 a5 24.Rb1 Bb4 25.Qe2 Bg6 26.Rd1 Bxe4 27.Nxe4 Nf8 28.Nfg5 Rc6 29.Qh5 Rg6
30.e6 f5 31.Nxh7 Rexe6 32.Bxb6 Qxb6 33.Nxf8 Bxf8 34.Qxf5 Qc6 35.Rd8 Re8 36.Rxe8 Qxe8
37.Qxa5 Re6 38.Qd5 Qc6 39.Qf5 Qe8 40.Qg4 Qe7 41.Qf5 Re5 42.Qg6 Qf7 43.Qh7+ Kxh7
44.Ng5+ Kg8 45.Bh7+ Kh8 46.Nxf7+ Kxh7 47.Nxe5 c3 48.Kf1  1-0

[Event "US Open"]
[Site "Los Angeles USA"]
[Date "2003.08.11"]
[Round "7"]
[White "Granda Zuniga,J"]
[Black "Stripunsky,A"]
[Result "1/2-1/2"]
[WhiteElo "2641"]
[BlackElo "2543"]

1.d4 d5 2.c4 c6 3.Nc3 Nf6 4.Nf3 e6 5.e3 Nbd7 6.Qc2 Bd6 7.g4 h6 8.Rg1 dxc4
9.Bxc4 b5 10.Be2 Bb7 11.e4 Bb4 12.Bd2 a6 13.O-O-O c5 14.d5 exd5 15.exd5 Qb6
16.g5 hxg5 17.Nxg5 Rf8 18.Nge4 Bxc3 19.Bxc3 O-O-O 20.Nxf6 Nxf6 21.Rxg7 Nxd5
22.Qf5+ Kb8 23.Rxf7 Rxf7 24.Qxf7 Nxc3 25.Rxd8+ Qxd8 26.bxc3 Qg5+ 27.Kc2 Qe5
28.Bf3 Bxf3 29.Qxf3 Ka7 30.h4 Kb6 31.h5 a5 32.Qg4 b4 33.Qg6+ Kb7 34.Qf7+ Kb6
35.Qg6+ Kb7 36.Qf7+ Kb6 37.cxb4 Qe2+ 38.Kc1 Qe1+ 39.Kc2 Qe2+ 40.Kc1 Qe1+  1/2-1/2

[Event "US Open"]
[Site "Los Angeles USA"]
[Date "2003.08.14"]
[Round "11"]
[White "Granda Zuniga,J"]
[Black "Aigner,M"]
[Result "1-0"]
[WhiteElo "2641"]
[BlackElo "2158"]

1.e4 e5 2.Nf3 Nc6 3.Bb5 a6 4.Ba4 Nf6 5.O-O Be7 6.Re1 b5 7.Bb3 O-O 8.h3 d6
9.c3 Na5 10.Bc2 c5 11.d4 Qc7 12.Nbd2 Bb7 13.d5 Bc8 14.b3 Bd7 15.Nf1 Ne8 16.g4 g6
17.Ng3 Ng7 18.Bh6 f6 19.Kh2 Rf7 20.Rg1 Kh8 21.Qd2 Rg8 22.Rg2 Nb7 23.Rag1 Bc8
24.Ne1 Bf8 25.f4 exf4 26.Bxf4 Ne8 27.Ne2 Bg7 28.Rf2 Nd8 29.b4 c4 30.Nf3 Re7
31.Nfd4 Bd7 32.Bg3 Nf7 33.Nf4 Bh6 34.Qe2 Qc8 35.Nfe6 Nd8 36.g5 Bxe6 37.gxf6 Nxf6
38.dxe6 Ne8 39.Bh4 Rc7 40.Nf5 gxf5 41.Rxg8+ Kxg8 42.exf5 Bg7 43.Rg2 Kh8 44.e7 Nf7
45.f6 Bxf6 46.Bxf6+ Nxf6 47.Qf3 Nd5 48.Qf5  1-0

[Event "II American Continental"]
[Site "Buenos Aires ARG"]
[Date "2003.08.17"]
[Round "1"]
[White "Altamirano,B"]
[Black "Granda Zuniga,J"]
[Result "0-1"]
[WhiteElo "2333"]
[BlackElo "2641"]

1.c4 e5 2.g3 Nc6 3.Bg2 g6 4.Nc3 Bg7 5.e4 d6 6.Nge2 Bg4 7.f3 Be6 8.Nd5 Nge7
9.d3 O-O 10.O-O f5 11.Be3 Qd7 12.Qd2 Rf7 13.Rad1 Raf8 14.b4 Nc8 15.b5 Nd8
16.exf5 Bxf5 17.d4 c6 18.bxc6 bxc6 19.Nb4 Nb6 20.Rc1 exd4 21.Bxd4 Be6 22.Bxg7 Rxg7
23.c5 dxc5 24.Qxd7 Rxd7 25.Rxc5 Bc4  0-1

[Event "II American Continental"]
[Site "Buenos Aires ARG"]
[Date "2003.08.18"]
[Round "2"]
[White "Granda Zuniga,J"]
[Black "Alzate,D"]
[Result "1-0"]
[WhiteElo "2641"]
[BlackElo "2426"]

1.Nf3 Nf6 2.c4 e6 3.g3 b6 4.d4 Ba6 5.b3 d5 6.Bg2 Bb4+ 7.Bd2 Be7 8.cxd5 exd5
9.O-O O-O 10.Ne5 c6 11.Bc3 Bb7 12.Nd2 Nbd7 13.Nd3 a5 14.a4 Re8 15.Bb2 Bf8
16.Rc1 Rc8 17.Rc2 Nb8 18.Nf3 Na6 19.Nfe5 Nb4 20.Nxb4 Bxb4 21.Qc1 Qd6 22.Qf4 Qe7
23.Rfc1 Bd6 24.Qf5 Bxe5 25.dxe5 Nd7 26.f4 Rcd8 27.Rxc6 Bxc6 28.Rxc6 Nb8 29.Rc1 Na6
30.h4 Nc5 31.Qg4 d4 32.Kh2 f6 33.exf6 Qxf6 34.f5 Qe5 35.e3 Qxe3 36.f6 Qh6
37.Bxd4 Rxd4 38.f7+ Kxf7 39.Rf1+ Kg8 40.Qxd4 Kh8 41.Qe5 Qe6 42.Qxe6 Nxe6
43.Re1 Kg8 44.Bc6 Re7 45.Bd5 Kf7 46.g4 Kf6 47.g5+ Kf5 48.Bg2 Kg4 49.Bh3+ Kxh4
50.g6 hxg6 51.Rxe6  1-0